000 00384pab a2200157 454500
008 180718b1973 xxu||||| |||| 00| 0 eng d
100 _aBalachandran, M.K.
245 _aLegal framework of municipal management - Some aspects
260 _c1973
300 _ap.37-43.
362 _aOct-Dec
650 _aLocal government
773 _aNagarlok
908 _aN
909 _a102613
999 _c102611
_d102611